<?xml version="1.0" encoding="UTF-8"?>
<record
    xmlns:xsi="http://www.w3.org/2001/XMLSchema-instance"
    xsi:schemaLocation="http://www.loc.gov/MARC21/slim http://www.loc.gov/standards/marcxml/schema/MARC21slim.xsd"
    xmlns="http://www.loc.gov/MARC21/slim">

  <leader>00546nam a22001931a 4500</leader>
  <controlfield tag="001">1623</controlfield>
  <controlfield tag="003">OSt</controlfield>
  <controlfield tag="005">20260204211741.0</controlfield>
  <controlfield tag="008">040120s2000||||dr ||||||b||||||||||spa||</controlfield>
  <datafield tag="020" ind1=" " ind2=" ">
    <subfield code="a">993482102</subfield>
  </datafield>
  <datafield tag="050" ind1=" " ind2=" ">
    <subfield code="a">631.4 R638s</subfield>
  </datafield>
  <datafield tag="082" ind1=" " ind2=" ">
    <subfield code="a">631.4 R638s</subfield>
  </datafield>
  <datafield tag="100" ind1=" " ind2=" ">
    <subfield code="a">Rojas, Palacio</subfield>
  </datafield>
  <datafield tag="245" ind1=" " ind2=" ">
    <subfield code="a">Suelos y agua: actualizaci&#xF3;n profesional de los recursos naturales, agricultura sostenible y pobreza Rural / Palacio Rojas</subfield>
  </datafield>
  <datafield tag="264" ind1=" " ind2=" ">
    <subfield code="a">Santo Domingo : CEDAF</subfield>
  </datafield>
  <datafield tag="300" ind1=" " ind2=" ">
    <subfield code="a">126 p.</subfield>
  </datafield>
  <datafield tag="650" ind1=" " ind2=" ">
    <subfield code="a">1.Suelo - Agricultura&#xCC;</subfield>
  </datafield>
  <datafield tag="942" ind1=" " ind2=" ">
    <subfield code="2">ddc</subfield>
    <subfield code="c">BK</subfield>
  </datafield>
  <datafield tag="999" ind1=" " ind2=" ">
    <subfield code="c">1623</subfield>
    <subfield code="d">1623</subfield>
  </datafield>
  <datafield tag="952" ind1=" " ind2=" ">
    <subfield code="0">0</subfield>
    <subfield code="1">4</subfield>
    <subfield code="2">ddc</subfield>
    <subfield code="4">0</subfield>
    <subfield code="7">0</subfield>
    <subfield code="b">BU</subfield>
    <subfield code="d">2019-09-09</subfield>
    <subfield code="o">631.4 R638S</subfield>
    <subfield code="p">005408</subfield>
    <subfield code="r">2019-09-09 00:00:00</subfield>
    <subfield code="w">2019-09-09</subfield>
    <subfield code="y">BK</subfield>
  </datafield>
</record>
